Les 10 meilleurs latéraux gauches ALL TIME - Statistiques

Statistiques générales
  • Ce quiz a été pris 149 fois
  • Le résultat moyen est 4 sur 10
Statistiques - réponses
Joueurs % Correct
2. Marcelo
98%
3. Roberto Carlos
88%
7. Alba
59%
1. Maldini
59%
4. Cole
44%
5. Evra
32%
9. Abidal
26%
8. Alaba
17%
6. Zambrotta
10%
10. Capdevila
4%
Aucun quiz correspondant
Distribution des résultats
% des personnes avec chaque résultat
Percentile par nombre de réponses
Votre historique - résultats
Vous n’avez pas pris ce quiz